| 000 | 00644nam a22002057a 4500 | ||
|---|---|---|---|
| 999 |
_c172697 _d172697 |
||
| 005 | 20200211123027.0 | ||
| 010 | _aENG-127682 | ||
| 020 | _c100.00 | ||
| 035 | _aEN-111214 | ||
| 037 | _bDBAD/PUB | ||
| 082 | _a500 | ||
| 100 | _aN.Arumugam | ||
| 245 |
_aScience 10 / _bby N.Arumugam, M.G Ragunathan [and] T.Selva Mohan |
||
| 260 |
_aTamil Nadu _bSaras _c2017 |
||
| 270 |
_bTamil Nadu _a114/35G,A.R.P. Camp Road, Periavilai, Kottar P.O., Nagercoil, Kanyakumari _e629002 _minfo@saraspublication.com |
||
| 300 |
_axi;508p. _b23cm(pbk) |
||
| 700 | _aM.G.Ragunathan | ||
| 700 | _aT.Selva Mohan | ||
| 942 |
_2ddc _cEN _h500 _mARU |
||